|
|
|
|
| LEADER |
00000nab a2200000 ar4500 |
| 001 |
vtls008770253 |
| 003 |
SK-MaSNL |
| 005 |
20260303202009.0 |
| 008 |
060606c2006 xo mr|p|||||||000 b|slo |
| 015 |
|
|
|a SNBRB2006/06
|2 snkbucl
|
| 038 |
|
|
|a SNKBUCL
|
| 040 |
|
|
|a SNKBUCL
|b slo
|c SNKBUCL
|e AACR2
|
| 041 |
0 |
|
|a slo
|
| 044 |
|
|
|a xo
|c SK
|
| 080 |
|
|
|a 82.09:821.111-93
|x (048)
|2 1997
|
| 080 |
|
|
|a 821.111-93
|x (048)
|2 1997
|
| 080 |
|
|
|a 821.111-31
|x (0.053.2)
|x (048)
|2 1997
|
| 100 |
1 |
|
|a Kenderessy, Eva,
|d 1978-
|4 aut
|9 213797
|
| 245 |
1 |
0 |
|a Jacqueline Wilsonová: Aňa Zipsaňa
|c Eva Ťapajnová
|
| 650 |
0 |
7 |
|a dievčenské romány, anglické
|x recenzie
|2 snkbucl
|9 28025
|
| 773 |
0 |
|
|t Knižná revue
|g Roč. XVI., č. 8 (2006), s. 11
|x 1210-1982
|
| 787 |
0 |
8 |
|i Rec.:
|a Wilson, Jacqueline, 1945-
|t Aňa Zipsaňa
|d Bratislava : Vydavateľstvo SLOVART, 2005
|z 8080850860
|
| 852 |
|
|
|a SNK
|b KIS3GCP
|
| 958 |
|
|
|a LX
|
| 958 |
|
|
|a GB
|
| 958 |
|
|
|a RC
|
| 999 |
|
|
|c 2177391
|d 2179321
|